000 00731cam a22002533a 4500
001 21206
003 PGUSA
005 20140828083442.0
008 070424s2007||||xxu|||||s|||||000 1 eng d
040 _aPGUSA
_beng
042 _adc
050 4 _aPR
100 1 _aBorrow, George,
_d1803-1881
245 1 4 _aThe Romany Rye :
_ba sequel to "Lavengro"
_h[electronic resource] /
_cGeorge Borrow
260 _bProject Gutenberg,
_c2007
506 _aPublic domain in the USA.
516 _aElectronic text
653 _aRomanies -- Fiction
653 _aEngland -- Fiction
700 1 _aWatts-Dunton, Theodore,
_d1832-1914
830 0 _aProject Gutenberg
_v21206
856 4 0 _uhttp://www.gutenberg.org/ebooks/21206
942 _cEB
999 _c250461
_d250461